000 00640nam a22002057a 4500
003 BD-DhJNU
005 20250219052417.0
008 250219b |||||||| |||| 00| 0 eng d
020 _a9780830411534
040 _aBD-DhJNU
_bENG
_cBD-DhJNU
_dBD-DhJNU
082 _223
_a150 VOT
100 _aVogel, John L.
245 _aThinking about psychology /
_cJohn L. Vogel
260 _aUnited States of America :
_bNelson-Hall,
_c1986.
300 _axviii, 550p. :
_bill. ;
_c26 cm.
504 _aIncludes bibliographical references and index
650 _aPsychology Practice
650 _aPsychology Research Methodology
942 _2ddc
_cBK
_n0
999 _c1366
_d1366